|
|
|
|
| LEADER |
00000nam a2200000Ii 4500 |
| 001 |
DIGEDICNSB0131 |
| 003 |
NyNyDIG |
| 008 |
221011s2016 sp o 000 f spa d |
| 006 |
m o d |
| 007 |
cr ||||||||||| |
| 035 |
|
|
|a (OCoLC)1379473901
|
| 040 |
|
|
|a DGITA
|b eng
|e rda
|e pn
|c DGITA
|
| 020 |
|
|
|a 9788490692981
|q eBook
|
| 020 |
|
|
|z 9788466658249
|
| 050 |
1 |
4 |
|a PQ6723.I56 ebook
|
| 100 |
1 |
|
|a Winkels, Edwin,
|d 1962-
|e author.
|
| 245 |
1 |
3 |
|a El último vuelo :
|b novela basada en hechos reales /
|c Edwin Winkels.
|
| 264 |
|
1 |
|a Barcelona (España) :
|b Ediciones B,
|c [2016]
|
| 300 |
|
|
|a 1 online resource.
|
| 336 |
|
|
|a text
|b txt
|2 rdacontent
|
| 337 |
|
|
|a computer
|b c
|2 rdamedia
|
| 338 |
|
|
|a online resource
|b cr
|2 rdacarrier
|
| 347 |
|
|
|a text file
|2 rdaft
|
| 347 |
|
|
|b EPUB
|
| 588 |
0 |
|
|a Online resource; title from ePub title page (Digitalia, viewed October 11, 2022)
|
| 650 |
|
0 |
|a Aircraft accidents
|z Spain
|v Fiction.
|
| 655 |
|
7 |
|a Novels.
|2 lcgft
|
| 791 |
2 |
|
|a Digitalia (Firm),
|e distributor.
|
| 793 |
0 |
|
|g Digitalia eBook Collection:
|a Ediciones B
|
| 776 |
0 |
8 |
|i Print version:
|a Winkels, Edwin, 1962-
|t Último vuelo.
|b 1a edición.
|d Barcelona (España) : Ediciones B, [2016]
|z 9788466658249
|
| 856 |
4 |
0 |
|3 Digitalia Hispánica
|u https://www.digitaliapublishing.com/a/53646/
|
| 910 |
|
|
|a Premium collection: 2022
|